000 00627nam a22002177a 4500
003 UA-OsUOA
001 134744
007 ta
008 20181210b un ||||| |||| 00| 0 ukr d
100 _aРарицький О.
090 _a82
_bР23
942 _cSA
040 _aUA-OsUOA
_bukr
_cUA-OsUOA
_dUA-OsUOA
245 _aВолодимир Свідзінський і шістдесятники: контексти осягання проблеми
300 _aС.34-48
955 _a0
041 _aukr
080 _a82
773 0 _w134741
650 7 _a82 Література. Літературознавство
_2UDC
999 _c409560
_d409560